[Event "Titled Tuesday intern op 02nd Apr Early"]
[Site "Chess.com INT"]
[Date "2024.04.02"]
[Round "9"]
[White "Avila Rodriguez, Joshua Ad"]
[Black "Hubbard, Andrew"]
[Result "1-0"]
[WhiteElo "2251"]
[BlackElo "2109"]
[PlyCount "109"]
[EventDate "2024.04.02"]
[EventType "swiss (blitz)"]
[EventRounds "11"]
[EventCountry "USA"]
[SourceTitle "CB15_2024"]
[SourceDate "2024.04.10"]
[SourceVersion "1"]
[SourceVersionDate "2024.04.10"]
[SourceQuality "1"]

1. e4 e6 2. d4 d5 3. e5 c5 4. c3 Nc6 5. Nf3 Bd7 6. Be2 f6 7. 0-0 fxe5 8. dxe5 Nge7 9. c4 d4 10. Re1 Ng6 11. Bf1 Qc7 12. a3 Be7 13. b4 b6 14. Bd3 0-0 15. Bxg6 hxg6 16. Qd3 Rf5 17. Nbd2 Raf8 18. Bb2 g5 19. b5 g4 20. bxc6 Bxc6 21. Nxd4 cxd4 22. Bxd4 Qb7 23. Qf1 Rd8 24. Be3 Rxe5 25. Bf4 Rf5 26. Be3 Bf6 27. Rad1 Bc3 28. Re2 Ba4 29. Rde1 Bc2 30. Rc1 Bxd2 31. Rxd2 Rxd2 32. Bxd2 Be4 33. Be3 Rf7 34. c5 b5 35. Bd4 Rd7 36. Be3 Rd3 37. Qe2 Bf5 38. g3 Rxa3 39. c6 Qc7 40. Qxb5 Be4 41. Qb7 Qxb7 42. cxb7 Bxb7 43. Rb1 Be4 44. Rc1 Ra2 45. Bc5 a5 46. Bd4 a4 47. Ra1 Rxa1+ 48. Bxa1 Kf7 49. Kf1 Ke7 50. Ke2 Kd6 51. Ke3 Kc5 52. Kxe4 Kc4 53. Ke5 Kb3 54. Kxe6 Ka2 55. Bxg7 1-0

[Event "Titled Tuesday intern op 02nd Apr Early"]
[Site "Chess.com INT"]
[Date "2024.04.02"]
[Round "8"]
[White "Avila Rodriguez, Joshua Ad"]
[Black "Porozhniak, Maya"]
[Result "1-0"]
[WhiteElo "2251"]
[BlackElo "1930"]
[PlyCount "151"]
[EventDate "2024.04.02"]
[EventType "swiss (blitz)"]
[EventRounds "11"]
[EventCountry "USA"]
[SourceTitle "CB15_2024"]
[SourceDate "2024.04.10"]
[SourceVersion "1"]
[SourceVersionDate "2024.04.10"]
[SourceQuality "1"]

1. e4 c5 2. Nf3 e6 3. d4 cxd4 4. Nxd4 a6 5. Bd3 Ne7 6. 0-0 Nbc6 7. Nb3 d6 8. c4 Qc7 9. Nc3 Ng6 10. f4 Be7 11. Be3 Nb4 12. Be2 Rb8 13. Rc1 0-0 14. a3 Nc6 15. Qd2 Rd8 16. g3 Na5 17. Nxa5 Qxa5 18. Nd5 Qxd2 19. Nxe7+ Nxe7 20. Bxd2 Bd7 21. Be3 Bc6 22. Bf3 d5 23. cxd5 exd5 24. Bb6 Rd7 25. Rfd1 dxe4 26. Rxd7 Bxd7 27. Bxe4 Bc6 28. Bd3 Nd5 29. Bf2 Ba4 30. Be4 Nf6 31. Bf3 h6 32. Rc7 b6 33. Rb7 Rxb7 34. Bxb7 Nd7 35. Bxa6 b5 36. b3 Bxb3 37. Bxb5 Nf6 38. a4 Bd5 39. a5 Ne4 40. Bd4 Nd6 41. Bd3 Nc4 42. a6 Nd2 43. Kf2 Nb3 44. Be3 Na5 45. a7 Ba8 46. Bb5 Nb3 47. Ke2 Kf8 48. Kd3 Ke7 49. Kc4 Na5+ 50. Kb4 Nb7 51. Bb6 Kd6 52. Kc3 g6 53. Kd4 h5 54. Bc4 Kc6 55. Bxf7 Kxb6 56. Bxg6 h4 57. f5 hxg3 58. hxg3 Nd6 59. f6 Kxa7 60. f7 Nxf7 61. Bxf7 Bf3 62. Ke5 Kb7 63. Bd5+ Bxd5 64. Kxd5 Kc7 65. Ke6 Kd8 66. Kf7 Kd7 67. g4 Kd6 68. g5 Ke5 69. g6 Kf4 70. g7 Ke5 71. g8Q Kf5 72. Qg6+ Kf4 73. Qh5 Kg3 74. Qd5 Kf4 75. Kf6 Ke3 76. Qc4 1-0

[Event "Titled Tuesday intern op 02nd Apr Early"]
[Site "Chess.com INT"]
[Date "2024.04.02"]
[Round "3"]
[White "Bologan, Viktor"]
[Black "Avila Rodriguez, Joshua Ad"]
[Result "1/2-1/2"]
[WhiteElo "2598"]
[BlackElo "2251"]
[PlyCount "135"]
[EventDate "2024.04.02"]
[EventType "swiss (blitz)"]
[EventRounds "11"]
[EventCountry "USA"]
[SourceTitle "CB15_2024"]
[SourceDate "2024.04.10"]
[SourceVersion "1"]
[SourceVersionDate "2024.04.10"]
[SourceQuality "1"]

1. e4 c5 2. Nf3 d6 3. d4 cxd4 4. Nxd4 Nf6 5. Bd3 Nc6 6. Nxc6 bxc6 7. 0-0 g6 8. b3 Bg7 9. Bb2 0-0 10. Nc3 a5 11. Na4 Ba6 12. c4 Qc7 13. Qe2 Nd7 14. Bxg7 Kxg7 15. Rac1 Ne5 16. f4 Nd7 17. Kh1 Nb6 18. Nc3 c5 19. e5 Bb7 20. Be4 dxe5 21. Bxb7 Qxb7 22. Qxe5+ Kg8 23. Qxc5 a4 24. Qb4 Rfb8 25. f5 axb3 26. axb3 Nc8 27. Qxb7 Rxb7 28. Nb5 Nd6 29. Nd4 Nxf5 30. Nxf5 gxf5 31. Rc3 Rab8 32. Rb1 e5 33. Kg1 e4 34. g3 Kg7 35. Kf2 Kf6 36. Ke3 Ke5 37. c5 Rb4 38. c6 Rc8 39. Rd1 Rb6 40. c7 Rb7 41. Rdc1 Kd6 42. Rd1+ Ke7 43. Rdc1 Kd7 44. Kf4 Rbxc7 45. Rd1+ Ke7 46. Rxc7+ Rxc7 47. Kxf5 Rb7 48. Rb1 e3 49. Kf4 e2 50. Re1 Rxb3 51. Rxe2+ Kf6 52. Kg4 Rb4+ 53. Kh3 Kg7 54. Rc2 Rb6 55. Rc5 Rh6+ 56. Kg2 Rb6 57. h4 Rb2+ 58. Kh3 Rb6 59. Kg4 Rg6+ 60. Kf4 Rf6+ 61. Rf5 Rc6 62. g4 h6 63. Re5 Rc4+ 64. Re4 Rc6 65. h5 Rf6+ 66. Kg3 Rc6 67. Kh4 Rc1 68. Kg3 1/2-1/2

[Event "Titled Tuesday intern op 19th Dec Early"]
[Site "Chess.com INT"]
[Date "2023.12.19"]
[Round "3"]
[White "Muradli, Mahammad"]
[Black "Avila Rodriguez, Joshua Ad"]
[Result "1-0"]
[WhiteElo "2550"]
[BlackElo "2251"]
[PlyCount "29"]
[EventDate "2023.12.19"]
[EventType "swiss (blitz)"]
[EventRounds "11"]
[EventCountry "USA"]
[SourceTitle "CB52_2023"]
[SourceDate "2023.12.27"]
[SourceVersion "1"]
[SourceVersionDate "2023.12.27"]
[SourceQuality "1"]

1. Nf3 Nf6 2. g3 d5 3. Bg2 c5 4. 0-0 e6 5. c4 d4 6. b4 cxb4 7. a3 Nc6 8. d3 a5 9. Bf4 Be7 10. Ne5 Nxe5 11. Bxe5 0-0 12. axb4 Bxb4 13. Na3 Ra6 14. Nb5 Rb6 15. Bc7 1-0

[Event "MEX-ch"]
[Site "Mexico City"]
[Date "2023.11.12"]
[Round "9"]
[White "Ibarra Chami, Luis Fernando"]
[Black "Avila Rodriguez, Joshua Ad"]
[Result "1/2-1/2"]
[WhiteElo "2432"]
[BlackElo "2212"]
[PlyCount "100"]
[EventDate "2023.11.07"]
[EventType "swiss"]
[EventRounds "9"]
[EventCountry "MEX"]
[SourceTitle "CB46_2023"]
[SourceDate "2023.11.15"]
[SourceVersion "1"]
[SourceVersionDate "2023.11.15"]
[SourceQuality "1"]

1. Nf3 Nf6 2. g3 d5 3. Bg2 c5 4. 0-0 Nc6 5. d4 e6 6. c4 dxc4 7. dxc5 Qxd1 8. Rxd1 Bxc5 9. Nbd2 c3 10. bxc3 0-0 11. Nb3 Be7 12. Nfd4 Nxd4 13. cxd4 Nd5 14. Bd2 f5 15. Na5 b6 16. Nc6 Bf6 17. Nb4 Bb7 18. e3 Rfc8 19. a4 Rab8 20. a5 Nxb4 21. Bxb4 Bxg2 22. Kxg2 Rb7 23. Ra2 bxa5 24. Bxa5 Bd8 25. Rda1 Bxa5 26. Rxa5 Rcc7 27. R1a2 Kf7 28. g4 g6 29. Kf3 Ke7 30. Kf4 Kf7 31. g5 Ke7 32. Ra6 Kf7 33. R2a5 Re7 34. Ke5 Rbc7 35. f3 Rb7 36. h4 Rbd7 37. Rc6 Rb7 38. Rac5 Rbd7 39. Rb5 Rd8 40. e4 Ra8 41. Rbc5 a5 42. Rc8 Rxc8 43. Rxc8 Ra7 44. Rh8 Kg7 45. Rb8 Kf7 46. exf5 gxf5 47. Rh8 Kg7 48. Rc8 Kf7 49. Rh8 Kg7 50. Rb8 Kf7 1/2-1/2

[Event "Cancun Camara Cup 11th"]
[Site "Cancun"]
[Date "2023.10.14"]
[Round "7"]
[White "Oblitas, C."]
[Black "Avila Rodriguez, Joshua Ad"]
[Result "1-0"]
[WhiteElo "2396"]
[BlackElo "2206"]
[PlyCount "143"]
[EventDate "2023.10.11"]
[EventType "swiss"]
[EventRounds "9"]
[EventCountry "MEX"]
[SourceTitle "Mega2024 Update 01"]
[Source "Chessbase"]
[SourceDate "2023.11.12"]
[SourceVersion "1"]
[SourceVersionDate "2023.11.12"]
[SourceQuality "1"]

1. e4 c5 2. Nf3 d6 3. c3 Nf6 4. Be2 g6 5. 0-0 Bg7 6. Bb5+ Nc6 7. d4 0-0 8. d5 a6 9. Ba4 Na5 10. Bc2 b5 11. Nbd2 e6 12. dxe6 Bxe6 13. Nb3 Nc4 14. e5 dxe5 15. Nxc5 Bg4 16. h3 Bxf3 17. Qxf3 Qc7 18. Ne4 Nxe4 19. Bxe4 Rad8 20. Qe2 f5 21. Bc2 e4 22. a4 Kh8 23. axb5 axb5 24. Rd1 Ra8 25. Rxa8 Rxa8 26. Bb3 Bf6 27. Bh6 Bg7 28. Bxc4 bxc4 29. Qd2 Bxh6 30. Qxh6 Rd8 31. Rd4 Kg8 32. Qd2 Rxd4 33. Qxd4 Qc6 34. g3 Qb5 35. h4 Qc6 36. Kf1 Qb5 37. Ke1 Kf7 38. Qh8 h5 39. Qd4 Qb3 40. Kf1 Qb5 41. Kg2 Qc6 42. Kg1 Qb5 43. Kf1 Qb3 44. Ke1 Qb5 45. Kd1 Qb3+ 46. Kc1 Qb5 47. Kc2 Qb3+ 48. Kb1 Qb5 49. Kc1 Qb3 50. Qd7+ Kf8 51. Qe6 Kg7 52. Qe7+ Kg8 53. Qf6 Qb5 54. Qxg6+ Kf8 55. Qxh5 Qa5 56. Qg6 Qa1+ 57. Kc2 Qa4+ 58. Kd2 Qd7+ 59. Kc1 Qd5 60. Qf6+ Kg8 61. Qd4 Qf7 62. Qd8+ Kh7 63. Qd6 Qb7 64. Qe6 Qb5 65. h5 Qc5 66. Qg6+ Kh8 67. h6 Qe5 68. Kc2 e3 69. Qg7+ Qxg7 70. hxg7+ Kxg7 71. fxe3 Kf6 72. b4 1-0

[Event "Titled Tuesday intern op 29th Aug Early"]
[Site "Chess.com INT"]
[Date "2023.08.29"]
[Round "4"]
[White "Avila Rodriguez, Joshua Ad"]
[Black "Itgelt, Khuyagtsogt"]
[Result "0-1"]
[WhiteElo "2239"]
[BlackElo "2397"]
[PlyCount "58"]
[EventDate "2023.08.29"]
[EventType "swiss (blitz)"]
[EventRounds "11"]
[EventCountry "USA"]
[SourceTitle "EXT 2024"]
[Source "ChessBase"]
[SourceDate "2023.10.10"]
[SourceVersion "1"]
[SourceVersionDate "2023.10.10"]
[SourceQuality "1"]

1. e4 e6 2. d4 d5 3. e5 c5 4. c3 Nc6 5. Nf3 Qb6 6. a3 c4 7. Nbd2 Bd7 8. b4 cxb3 9. Nxb3 Na5 10. Nxa5 Qxa5 11. Bd2 Qc7 12. Bd3 Ne7 13. h4 h6 14. 0-0 Nc8 15. h5 Nb6 16. a4 Be7 17. Qb3 Nc4 18. Bc1 Na5 19. Qc2 Rc8 20. Bb2 0-0 21. Nd2 f5 22. exf6 Rxf6 23. Rfc1 Rcf8 24. f3 Qg3 25. Nf1 Qg5 26. Re1 Qxh5 27. Ba3 Bxa3 28. Rxa3 Qg5 29. Kh1 Qh4+ 0-1

[Event "Titled Tuesday intern op 29th Aug Early"]
[Site "Chess.com INT"]
[Date "2023.08.29"]
[Round "6"]
[White "Avila Rodriguez, Joshua Ad"]
[Black "Petersson, Kjell"]
[Result "1-0"]
[WhiteElo "2239"]
[BlackElo "2040"]
[PlyCount "43"]
[EventDate "2023.08.29"]
[EventType "swiss (blitz)"]
[EventRounds "11"]
[EventCountry "USA"]
[SourceTitle "EXT 2024"]
[Source "ChessBase"]
[SourceDate "2023.10.10"]
[SourceVersion "1"]
[SourceVersionDate "2023.10.10"]
[SourceQuality "1"]

1. e4 c5 2. Nf3 d6 3. d4 cxd4 4. Nxd4 Nf6 5. Nc3 g6 6. Be3 Bg7 7. f3 0-0 8. Qd2 Nc6 9. 0-0-0 d5 10. exd5 Nxd5 11. Nxc6 bxc6 12. Bd4 Bxd4 13. Qxd4 Qb6 14. Na4 Qc7 15. Bc4 Rd8 16. Bb3 Bb7 17. Nc5 a5 18. h4 Nb6 19. Qe3 a4 20. Bxf7+ Kxf7 21. Ne6 Rd2 22. Nxc7 1-0

[Event "Titled Tuesday intern op 29th Aug Late"]
[Site "Chess.com INT"]
[Date "2023.08.29"]
[Round "8"]
[White "Bazilius, Augustinas"]
[Black "Avila Rodriguez, Joshua Ad"]
[Result "1/2-1/2"]
[WhiteElo "2052"]
[BlackElo "2239"]
[PlyCount "134"]
[EventDate "2023.08.29"]
[EventType "swiss (blitz)"]
[EventRounds "11"]
[EventCountry "USA"]
[SourceTitle "EXT 2024"]
[Source "ChessBase"]
[SourceDate "2023.10.10"]
[SourceVersion "1"]
[SourceVersionDate "2023.10.10"]
[SourceQuality "1"]

1. d4 Nf6 2. c4 e6 3. Nf3 d5 4. g3 dxc4 5. Bg2 c5 6. 0-0 Nc6 7. Ne5 Bd7 8. Na3 cxd4 9. Naxc4 Be7 10. b3 0-0 11. Bb2 Rc8 12. Bxd4 b5 13. Nxd7 Qxd7 14. Bxf6 Qxd1 15. Raxd1 bxc4 16. Bxe7 Nxe7 17. bxc4 Rxc4 18. Rd7 Nc8 19. Rb1 g6 20. Rbb7 Rc2 21. Bh3 Rxe2 22. a4 Re5 23. Rdc7 a5 24. Rb5 Rxb5 25. axb5 Nd6 26. b6 Rb8 27. b7 Rxb7 28. Rc5 Rb1+ 29. Kg2 a4 30. Rc7 a3 31. Ra7 Ra1 32. Bg4 Kg7 33. Be2 h5 34. Ra6 Ra2 35. Bd3 Nb7 36. Bc4 Ra1 37. Ra7 Nc5 38. Ra5 Ne4 39. Ra7 Nc3 40. Bxe6 a2 41. Rxf7+ Kh6 42. Ra7 Kg5 43. h4+ Kf6 44. Bc4 Ke5 45. Ra5+ Kd4 46. Bf7 Kd3 47. Bxg6+ Kd2 48. Bf7 Kc2 49. f3 Kb2 50. Bxa2 Rxa2 51. Rxa2+ Kxa2 52. g4 Kb3 53. gxh5 Nd5 54. Kg3 Kc4 55. Kg4 Nf6+ 56. Kg5 Nh7+ 57. Kg6 Nf8+ 58. Kg7 Ne6+ 59. Kf6 Nf8 60. h6 Kd5 61. f4 Ke4 62. f5 Kf4 63. Kg7 Kxf5 64. h5 Kg5 65. h7 Nxh7 66. h6 Nf6 67. Kf7 Kxh6 1/2-1/2

[Event "Titled Tuesday intern op 29th Aug Early"]
[Site "Chess.com INT"]
[Date "2023.08.29"]
[Round "11"]
[White "Golubev, Mikhail"]
[Black "Avila Rodriguez, Joshua Ad"]
[Result "1-0"]
[WhiteElo "2461"]
[BlackElo "2239"]
[PlyCount "71"]
[EventDate "2023.08.29"]
[EventType "swiss (blitz)"]
[EventRounds "11"]
[EventCountry "USA"]
[SourceTitle "EXT 2024"]
[Source "ChessBase"]
[SourceDate "2023.10.10"]
[SourceVersion "1"]
[SourceVersionDate "2023.10.10"]
[SourceQuality "1"]

1. e4 c5 2. Nf3 d6 3. d4 cxd4 4. Nxd4 Nf6 5. Nc3 a6 6. Bc4 e6 7. 0-0 b5 8. Bb3 Be7 9. Qf3 Qb6 10. Be3 Qb7 11. Qg3 b4 12. Na4 Nbd7 13. f3 0-0 14. Rac1 Kh8 15. c3 bxc3 16. Rxc3 Nc5 17. Nxc5 dxc5 18. Ne2 Bd7 19. Bxc5 Bxc5+ 20. Rxc5 Bb5 21. Re1 Bxe2 22. Rxe2 a5 23. Rc1 a4 24. Bc4 Rfc8 25. Qe1 Rab8 26. Rec2 Qb6+ 27. Qf2 Qb4 28. Bf1 Rxc2 29. Rxc2 Nd7 30. a3 Qb7 31. Qd4 Nb6 32. Qd6 h6 33. Rc7 Qa8 34. Rxf7 Qa5 35. Qxb8+ Kh7 36. Qc7 1-0

[Event "Titled Tuesday intern op 29th Aug Late"]
[Site "Chess.com INT"]
[Date "2023.08.29"]
[Round "4"]
[White "Guzman Lozano, Campo Elias"]
[Black "Avila Rodriguez, Joshua Ad"]
[Result "0-1"]
[WhiteElo "1924"]
[BlackElo "2239"]
[PlyCount "120"]
[EventDate "2023.08.29"]
[EventType "swiss (blitz)"]
[EventRounds "11"]
[EventCountry "USA"]
[SourceTitle "EXT 2024"]
[Source "ChessBase"]
[SourceDate "2023.10.10"]
[SourceVersion "1"]
[SourceVersionDate "2023.10.10"]
[SourceQuality "1"]

1. d4 Nf6 2. Bg5 d5 3. Nd2 c5 4. Bxf6 gxf6 5. c3 Nc6 6. Ngf3 Qb6 7. e4 dxe4 8. d5 exf3 9. dxc6 bxc6 10. Qxf3 Bd7 11. b3 Qc7 12. Be2 Rg8 13. Ne4 Bg4 14. Qe3 0-0-0 15. f3 Bf5 16. Nxc5 Rxg2 17. Ba6+ Kb8 18. Bf1 Bh6 19. Na6+ Kc8 20. Nxc7 Bxe3 21. Bxg2 Kxc7 22. Ke2 Bf4 23. Rad1 Rg8 24. Kf1 e5 25. h4 Bc2 26. Re1 Bd3+ 27. Kf2 Bg3+ 28. Ke3 Bxe1 29. Kxd3 Bg3 30. Bf1 Bf4 31. Ke4 Kd6 32. Bc4 Ke7 33. a4 Rg2 34. b4 Rc2 35. Kd3 Rd2+ 36. Ke4 Rb2 37. b5 cxb5 38. Bxb5 Rc2 39. Kd3 Rd2+ 40. Kc4 f5 41. Re1 Kf6 42. Rb1 e4 43. fxe4 fxe4 44. Bc6 e3 45. Rf1 Ke5 46. h5 e2 47. Re1 Bg3 48. Rxe2+ Rxe2 49. Kb5 Kd6 50. Bf3 Rb2+ 51. Kc4 Bf2 52. Be4 h6 53. Kd3 Ke5 54. Bc6 f5 55. c4 f4 56. Bd7 Bd4 57. Bg4 Ra2 58. Bd7 Ra3+ 59. Ke2 f3+ 60. Kd2 Kf4 0-1

[Event "Titled Tuesday intern op 15th Aug Late"]
[Site "Chess.com INT"]
[Date "2023.08.15"]
[Round "9"]
[White "Avila Rodriguez, Joshua Ad"]
[Black "Marin, Sebastian"]
[Result "0-1"]
[WhiteElo "2239"]
[BlackElo "2294"]
[PlyCount "192"]
[EventDate "2023.08.15"]
[EventType "swiss (blitz)"]
[EventRounds "11"]
[EventCountry "USA"]
[SourceTitle "EXT 2024"]
[Source "ChessBase"]
[SourceDate "2023.10.10"]
[SourceVersion "1"]
[SourceVersionDate "2023.10.10"]
[SourceQuality "1"]

1. e4 c5 2. Nf3 d6 3. d4 cxd4 4. Nxd4 Nf6 5. Nc3 g6 6. Be3 Bg7 7. f3 0-0 8. Qd2 Nc6 9. 0-0-0 d5 10. exd5 Nxd5 11. Nxc6 bxc6 12. Bd4 Nxc3 13. Qxc3 Bh6+ 14. Be3 Bxe3+ 15. Qxe3 Qb6 16. Qc3 Be6 17. a3 Rfd8 18. Re1 Rab8 19. h4 Rd5 20. Bd3 a5 21. b3 a4 22. b4 c5 23. h5 cxb4 24. axb4 Qxb4 25. Qxb4 Rxb4 26. hxg6 hxg6 27. Bxg6 a3 28. Bh7+ Kg7 29. Bd3 Bf5 30. Kd2 Bxd3 31. cxd3 Rb2+ 32. Kc3 Rc5+ 33. Kd4 Ra5 34. Re4 Rxg2 35. Ke3 a2 36. Ra1 Kf6 37. Rf4+ Ke6 38. Rb4 Kd6 39. Rb6+ Kc5 40. Rb7 Kd6 41. Rb6+ Kc7 42. Rb4 Re5+ 43. Kd4 Ree2 44. Rc4+ Kd6 45. Ra4 e5+ 46. Kc3 Rb2 47. Ra6+ Ke7 48. Ra7+ Kf6 49. Ra6+ Kf5 50. d4 Rgc2+ 51. Kd3 Rd2+ 52. Kc4 Rxd4+ 53. Kc5 Rdd2 54. Ra7 f6 55. Ra8 Rdc2+ 56. Kd6 Rb6+ 57. Ke7 Rc7+ 58. Kf8 Rb3 59. R1xa2 Rxf3 60. R2a6 Ke4 61. Rb8 Kf5 62. Rbb6 Rh3 63. Rxf6+ Ke4 64. Kg8 Rg3+ 65. Kh8 Rh3+ 66. Kg8 Rhh7 67. Rg6 Rhd7 68. Kh8 Rc8+ 69. Rg8 Rxg8+ 70. Kxg8 Ke3 71. Kf8 e4 72. Ke8 Rb7 73. Rd6 Kf3 74. Rf6+ Ke2 75. Ra6 e3 76. Ra2+ Kf1 77. Ra1+ Kf2 78. Ra6 e2 79. Rf6+ Ke1 80. Rf5 Rb3 81. Ke7 Kd2 82. Rd5+ Rd3 83. Re5 e1Q 84. Rxe1 Kxe1 85. Kf6 Ke2 86. Ke5 Ke3 87. Kf5 Rd5+ 88. Ke6 Ke4 89. Kf6 Rd6+ 90. Ke7 Ke5 91. Kf7 Rd7+ 92. Ke8 Ke6 93. Kf8 Rb7 94. Kg8 Kf6 95. Kh8 Kg6 96. Kg8 Rb8# 0-1

[Event "Titled Tuesday intern op 15th Aug Late"]
[Site "Chess.com INT"]
[Date "2023.08.15"]
[Round "8"]
[White "Avila Rodriguez, Joshua Ad"]
[Black "Petr, Jan1111"]
[Result "1-0"]
[WhiteElo "2239"]
[BlackElo "2282"]
[PlyCount "53"]
[EventDate "2023.08.15"]
[EventType "swiss (blitz)"]
[EventRounds "11"]
[EventCountry "USA"]
[SourceTitle "EXT 2024"]
[Source "ChessBase"]
[SourceDate "2023.10.10"]
[SourceVersion "1"]
[SourceVersionDate "2023.10.10"]
[SourceQuality "1"]

1. d4 Nf6 2. c4 e5 3. dxe5 Ng4 4. Nf3 Bc5 5. e3 Nc6 6. Be2 0-0 7. 0-0 Re8 8. Nc3 Ngxe5 9. Nxe5 Nxe5 10. Kh1 a5 11. f4 Ng6 12. e4 Ra6 13. Bd3 Rd6 14. e5 Rd4 15. Ne2 Rxd3 16. Qxd3 d6 17. Be3 Bxe3 18. Qxe3 dxe5 19. f5 Nf8 20. f6 g6 21. Rad1 Bd7 22. Ng3 Qc8 23. Ne4 Bc6 24. Qh6 Ne6 25. Ng5 Bxg2+ 26. Kxg2 Nf4+ 27. Rxf4 1-0

[Event "Titled Tuesday intern op 15th Aug Late"]
[Site "Chess.com INT"]
[Date "2023.08.15"]
[Round "1"]
[White "Avila Rodriguez, Joshua Ad"]
[Black "Zhigalko, Sergei"]
[Result "0-1"]
[WhiteElo "2239"]
[BlackElo "2572"]
[PlyCount "96"]
[EventDate "2023.08.15"]
[EventType "swiss (blitz)"]
[EventRounds "11"]
[EventCountry "USA"]
[SourceTitle "EXT 2024"]
[Source "ChessBase"]
[SourceDate "2023.10.10"]
[SourceVersion "1"]
[SourceVersionDate "2023.10.10"]
[SourceQuality "1"]

1. e4 c5 2. Nf3 Nc6 3. d4 cxd4 4. Nxd4 Nf6 5. Nc3 e5 6. Ndb5 d6 7. Bg5 a6 8. Na3 b5 9. Nab1 Be7 10. Bxf6 Bxf6 11. Nd5 0-0 12. Be2 Bg5 13. a4 b4 14. 0-0 Be6 15. Nd2 Bxd5 16. exd5 Nd4 17. Bd3 f5 18. f3 Bf4 19. Re1 a5 20. c3 bxc3 21. bxc3 Bxd2 22. Qxd2 Nb3 23. Qc2 Nxa1 24. Rxa1 g6 25. Kh1 Rb8 26. Bb5 Qb6 27. Re1 Qc5 28. Qd2 Rb7 29. c4 Ra7 30. h4 Qb6 31. h5 Qd8 32. Kg1 Qh4 33. h6 Rc8 34. Rc1 Qf6 35. Qe3 Rac7 36. Qb6 e4 37. Qxa5 exf3 38. gxf3 Qg5+ 39. Kf2 Qxc1 40. Qb4 Qf4 41. Qc3 Qe5 42. Qd3 Re7 43. a5 Qh2+ 44. Kf1 Qh1+ 45. Kf2 Qe1+ 46. Kg2 Re2+ 47. Kh3 Qh1+ 48. Kg3 Qh2# 0-1

[Event "Titled Tuesday intern op 15th Aug Late"]
[Site "Chess.com INT"]
[Date "2023.08.15"]
[Round "2"]
[White "Fernandez, Gerardo"]
[Black "Avila Rodriguez, Joshua Ad"]
[Result "0-1"]
[WhiteElo "2181"]
[BlackElo "2239"]
[PlyCount "52"]
[EventDate "2023.08.15"]
[EventType "swiss (blitz)"]
[EventRounds "11"]
[EventCountry "USA"]
[SourceTitle "EXT 2024"]
[Source "ChessBase"]
[SourceDate "2023.10.10"]
[SourceVersion "1"]
[SourceVersionDate "2023.10.10"]
[SourceQuality "1"]

1. e4 c5 2. Nc3 d6 3. f4 g6 4. Nf3 Bg7 5. Bc4 Nc6 6. 0-0 e6 7. d4 cxd4 8. Nb5 a6 9. Nbxd4 Nxd4 10. Nxd4 Nf6 11. e5 Ne4 12. Qf3 d5 13. Bb3 0-0 14. Be3 Bd7 15. c4 Bc6 16. Nxc6 bxc6 17. Rad1 a5 18. Bc2 f5 19. exf6 Nxf6 20. Bc5 Rf7 21. Rfe1 Qd7 22. Qh3 Re8 23. Kh1 Nh5 24. g3 Bxb2 25. Bb3 Bc3 26. Re2 Nf6 0-1

[Event "Titled Tuesday intern op 15th Aug Late"]
[Site "Chess.com INT"]
[Date "2023.08.15"]
[Round "3"]
[White "Fiorito, Joaquin"]
[Black "Avila Rodriguez, Joshua Ad"]
[Result "0-1"]
[WhiteElo "2409"]
[BlackElo "2239"]
[PlyCount "128"]
[EventDate "2023.08.15"]
[EventType "swiss (blitz)"]
[EventRounds "11"]
[EventCountry "USA"]
[SourceTitle "EXT 2024"]
[Source "ChessBase"]
[SourceDate "2023.10.10"]
[SourceVersion "1"]
[SourceVersionDate "2023.10.10"]
[SourceQuality "1"]

1. d4 Nf6 2. c4 e6 3. Nc3 Bb4 4. f3 c5 5. d5 b5 6. e4 d6 7. Nge2 0-0 8. Ng3 bxc4 9. Bxc4 exd5 10. Bxd5 Nxd5 11. Qxd5 Qb6 12. 0-0 Bb7 13. Qg5 h6 14. Qg4 Bc8 15. Nf5 Bxf5 16. exf5 Bxc3 17. bxc3 d5 18. Kh1 Nd7 19. Rd1 Qc6 20. Bf4 Nf6 21. Qh4 Rfd8 22. Re1 Re8 23. Be5 Nd7 24. Bf4 Qf6 25. Qg4 d4 26. cxd4 cxd4 27. Rad1 Rxe1+ 28. Rxe1 Rd8 29. Bg3 d3 30. Bh4 Ne5 31. Bxf6 Nxg4 32. Bxd8 d2 33. Rf1 d1Q 34. Rxd1 Nf2+ 35. Kg1 Nxd1 36. f6 g5 37. Be7 Nc3 38. a3 Nd5 39. Kf2 Kh7 40. Ke2 Kg6 41. Bd8 Nxf6 42. Bxf6 Kxf6 43. Kd3 Ke5 44. Kc4 Kf4 45. Kb5 Ke3 46. Ka6 Kf2 47. Kxa7 Kxg2 48. Kb7 f5 49. a4 g4 50. fxg4 f4 51. a5 f3 52. a6 f2 53. a7 f1Q 54. a8Q Qf3+ 55. Ka7 Qxa8+ 56. Kxa8 Kxh2 57. Kb7 Kg3 58. Kc6 Kxg4 59. Kd5 h5 60. Ke4 h4 61. Ke3 Kg3 62. Ke2 Kg2 63. Ke3 h3 64. Kf4 h2 0-1

[Event "Titled Tuesday intern op 04th Jul Late"]
[Site "Chess.com INT"]
[Date "2023.07.04"]
[Round "6"]
[White "Haitin, Ilja"]
[Black "Avila Rodriguez, Joshua Ad"]
[Result "0-1"]
[WhiteElo "2327"]
[BlackElo "2239"]
[PlyCount "114"]
[EventDate "2023.07.04"]
[EventType "swiss (blitz)"]
[EventRounds "11"]
[EventCountry "USA"]
[SourceTitle "EXT 2024"]
[Source "ChessBase"]
[SourceDate "2023.10.10"]
[SourceVersion "1"]
[SourceVersionDate "2023.10.10"]
[SourceQuality "1"]

1. Nf3 d5 2. e3 Nf6 3. b3 c5 4. Bb2 Nc6 5. Bb5 e6 6. Bxc6+ bxc6 7. d3 Bd6 8. Nbd2 Qc7 9. Qe2 0-0 10. 0-0 Re8 11. e4 e5 12. c4 a5 13. Nb1 a4 14. Nc3 axb3 15. axb3 Rb8 16. Ra3 d4 17. Na4 Bg4 18. h3 Bxf3 19. Qxf3 Rb4 20. Rb1 Reb8 21. Bc1 Nd7 22. Bd2 R4b7 23. Qd1 Bf8 24. g3 Ra7 25. Kg2 Nb6 26. Rba1 Rba8 27. Nxb6 Qxb6 28. Rxa7 Rxa7 29. Rxa7 Qxa7 30. Qb1 Qa3 31. Bc1 Qa5 32. Kf1 h5 33. Ke2 g6 34. Bd2 Qa3 35. Bc1 Qa8 36. Bd2 Qc8 37. Qh1 Qb7 38. Qb1 Kh7 39. Qa2 Qc8 40. h4 Qg4+ 41. Ke1 Qf3 42. Qb1 f5 43. Qd1 Qxd3 44. exf5 Qxf5 45. Qe2 Qb1+ 46. Qd1 Qf5 47. Bg5 Bd6 48. Qa1 Qe4+ 49. Kd2 Qf3 50. Qa7+ Kg8 51. Qd7 Qxf2+ 52. Kd3 Qf5+ 53. Qxf5 gxf5 54. Bd8 e4+ 55. Ke2 Bxg3 56. Be7 d3+ 57. Ke3 Bf4+ 0-1